000 01329nam a22002297a 4500
005 20151126152622.0
008 151020s1915 cl ||||fr|||| 001 0 spa d
040 _cSandra Yazo
_dSandra Yazo
041 0 _aspa
082 0 4 _220
_a461
092 _aE37N133
100 1 _aBarriga, Juan Agustín
_d1857-1939
_972612
245 1 0 _aDiscursos literarios y notas críticas
_cJuan Agustín Varriga
260 _aSantiago de Chile (Chile)
_bLibrería de la federación de obras católicas
_c1915
300 _a278 páginas
_c20 x 14 cm.
500 _aEncuadernación flexible en cartulina. Tapa con datos de publicación impresa enmarcada en un recuadro. Anteportada con una anotación manuscrita. Texto en una columna. Papel con algunas manchas
505 0 _aDe la lengua Castellana como instrumento del arte literario (discurso) ; A propósito de Moratín ; Cantos de Calixto Oyuela ; Don Alonso de Ercilla y Zúñiga (Discurso) ; Brasil intelectual (Discurso) ; Impresión de arte: Diccionario Bibliográfico de Pintores ; El Enigma de Gioconda ; Don Marcelino Menéndez y Pelayo (Discurso) ; La biblioteca nacional de Chile (Discurso) ; Don ramón de Campoamor (Necrología)
506 _aConsulta en sala
650 7 _945733
_aLengua española
690 _942859
_aLiteratura
942 _2LOCAL
_cLIBRO
_e1
_hE37N133
999 _c301887
_d301887